Ekonomické přínosy dalšího vzdělávání pedagogických pracovníků

Hodnotenie efektivity ďalšieho vzdelávania pedagogických pracovníkov. Neustály vývoj hodnotenia efektivity od konzervatívneho prístupu managementu po vyhodnocovacie modely. Hodnota znalostí a nezastupiteľná úloha motivácie pedagógov pri ovplyvňovaní efektivity vzdelávacieho procesu.

Saved in:
Bibliographic Details
Main Author: Zlámal, Jiří
Format: Book Chapter
Language:Czech
Subjects:
Tags: Add Tag
No Tags, Be the first to tag this record!

MARC

LEADER 00000naa$a2200000$$$4500
001 0081133
005 20231010124819.3
041 0 |a cze 
044 |a SK 
245 1 0 |a Ekonomické přínosy dalšího vzdělávání pedagogických pracovníků  |c Jiří Zlámal 
520 |a Hodnotenie efektivity ďalšieho vzdelávania pedagogických pracovníkov. Neustály vývoj hodnotenia efektivity od konzervatívneho prístupu managementu po vyhodnocovacie modely. Hodnota znalostí a nezastupiteľná úloha motivácie pedagógov pri ovplyvňovaní efektivity vzdelávacieho procesu. 
610 2 0 |a vzdelávanie 
610 2 0 |a učitelia 
610 2 0 |a efektívnosť 
610 2 0 |a náklady 
610 2 0 |a modely 
100 1 |a Zlámal, Jiří